Statistics for Movie Decoder #4

Click here to take the quiz!

General Stats

  • This quiz has been taken 113 times
  • The average score is 12 of 21

Answer Stats

ClueAnswer% Correct
M1997 Disney animated movie set in China, re-made as a live action in 2020Mulan
95%
D"__________ Me", animated movie that first introduced the Minions Despicable
92%
F'Freaky ______", 2003 movie starring Jamie Lee Curtis and Lindsay LohanFriday
91%
K'King ____", 1933 monster movieKong
90%
R"____ Player One", 2018 film based on Ernest Cline's book of the same nameReady
84%
OSir Anthony Hopkins starred as this character, the Allfather of Asgard, in the Marvel cinematic universeOdin
76%
TAmerican actor who featured in "Magic Mike" and "21 Jump Street"Tatum, Channing
76%
WActress best known for her role as Ellen Ripley in the "Alien" film seriesWeaver, Sigourney
75%
I"The _______ Job", 1969 film starring Michael CaineItalian
68%
GDwarf of the "Lord of the Rings" trilogy played by Welshman John Rhys-DaviesGimli
58%
T'Remember the _____", Denzel Washington starred in this sports film based on the true story of African-American coach Herman BooneTitans
58%
IActor who appeared in "The Man in the Iron Mask", and voiced Scar in the 1994 animated version of "The Lion King"Irons, Jeremy
54%
HPiggy bank voiced by John Ratzenberger in the "Toy Story" films and shortsHamm
49%
"I'm the king of the world!"
49%
NComedic actor best known for his roles in "Airplane!" and "The Naked Gun"Nielsen, Leslie
45%
Titanic
45%
H2005 horror about an organization that tortures and kills kidnapped touristsHostel
31%
OActor who played Dick Grayson in "Batman Forever" and "Batman & Robin"O'Donnell, Chris
25%
E2001 science fiction comedy starring David Duchovny and Seann William ScottEvolution
22%
EActress who featured in "American Pie" and "Jay and Silent Bob Strike Back"Elizabeth, Shannon
15%
LActress who appeared in "Bad Boys" and "Deep Impact"Leoni, Tea
12%

Score Distribution

Percentile by Number Answered

Percent of People with Each Score

Your Score History

You have not taken this quiz